[Event "Madrid Alcorcon op 1st"]
[Site "Madrid"]
[Date "2022.12.28"]
[Round "5"]
[White "De la Mata Rodriguez, Javier"]
[Black "Lozano Argueso, Cesar"]
[Result "0-1"]
[WhiteElo "1517"]
[BlackElo "1753"]
[PlyCount "76"]
[EventDate "2022.12.26"]
[EventType "swiss"]
[EventRounds "9"]
[EventCountry "ESP"]
[SourceTitle "CBM 212 Extra"]
[Source "ChessBase"]
[SourceDate "2023.03.31"]
[SourceVersion "1"]
[SourceVersionDate "2023.03.31"]
[SourceQuality "1"]

1. e4 c5 2. Nf3 d6 3. Bb5+ Bd7 4. Bxd7+ Qxd7 5. c4 e5 6. Nc3 Nc6 7. d3 g6 8. Nd5 Bg7 9. Be3 Nge7 10. Bh6 0-0 11. h4 f5 12. Bxg7 Kxg7 13. h5 fxe4 14. dxe4 Qg4 15. Ne3 Qf4 16. Rh4 Qf6 17. Ng4 Qe6 18. hxg6 h5 19. Rxh5 Qxg4 20. Rh7+ Kg8 21. Rh4 Qxg2 22. g7 Rxf3 23. Qe2 Nd4 24. Qf1 Qxf1+ 25. Kxf1 Kxg7 26. Kg2 Ng6 27. Rg4 Raf8 28. Rf1 R8f4 29. Rg5 Kf6 30. Rg3 Nh4+ 31. Kh3 Rxg3+ 32. Kxg3 Ne2+ 33. Kh3 Ng6 34. f3 Rh4+ 35. Kg2 Ngf4+ 36. Kf2 Rh2+ 37. Ke3 Nc3 38. Re1 Nd1+ 0-1

[Event "Alcorcon Diagonal op 1st"]
[Site "Alcorcon"]
[Date "2022.01.29"]
[Round "3"]
[White "De la Mata Rodriguez, Javier"]
[Black "Palacios Sanchez, Victor"]
[Result "0-1"]
[WhiteElo "1491"]
[BlackElo "1670"]
[PlyCount "145"]
[EventDate "2022.01.15"]
[EventType "swiss"]
[EventRounds "7"]
[EventCountry "ESP"]
[SourceTitle "EXT 2023"]
[Source "ChessBase"]
[SourceDate "2022.10.05"]
[SourceVersion "1"]
[SourceVersionDate "2022.10.05"]
[SourceQuality "1"]

1. e4 c5 2. Nf3 Nc6 3. d4 cxd4 4. Nxd4 Nf6 5. Nc3 e6 6. g3 Bb4 7. Bg2 Qa5 8. 0-0 Bxc3 9. Nxc6 bxc6 10. bxc3 0-0 11. Qd4 d5 12. Qb4 Qxb4 13. cxb4 Nxe4 14. Bxe4 dxe4 15. Rd1 Ba6 16. Be3 Bc4 17. Rd4 Ba6 18. Rxe4 Rfd8 19. Rd4 Rxd4 20. Bxd4 Bc4 21. Bc5 a5 22. a3 a4 23. Rd1 Bd5 24. f4 h5 25. Rd4 Kh7 26. c4 Bf3 27. b5 cxb5 28. cxb5 Kg6 29. Rb4 Kf5 30. Bd6 Rd8 31. Bc7 Rd2 32. Rxa4 Rg2+ 33. Kf1 Rxh2 34. Rb4 Ra2 35. a4 Bd5 36. a5 Kg4 37. b6 Bb7 38. Rb5 Kf3 39. Rb3+ Ke4 40. Rb5 g6 41. Bd6 Kd4 42. Rc5 Ke3 43. Rc3+ Ke4 44. Rc7 Ba6+ 45. Kg1 Kf3 46. Rc3+ Ke4 47. Rb3 Bb7 48. Ra3 Rxa3 49. Bxa3 Kf3 50. Kh2 h4 51. gxh4 Kxf4 52. Be7 e5 53. Bg5+ Kf3 54. Kg1 e4 55. Kf1 e3 56. Ke1 f5 57. Bf6 f4 58. Be5 Ke4 59. Bc7 f3 60. Bg3 Kf5 61. Kf1 Kg4 62. Be1 Kh3 63. Kg1 Ba6 64. Bf2 exf2+ 65. Kxf2 Kxh4 66. Kxf3 g5 67. Kg2 Kg4 68. Kh1 Kf3 69. Kg1 g4 70. b7 Bxb7 71. Kh2 g3+ 72. Kg1 g2 73. Kh2 0-1